000 00508cam a22001934a 4500
005 20250605164252.0
008 250528s ||||||||||||||||||||||||d
035 _a21783
020 _a9789608065635
040 _aGR-AtMCL
_bgre
_dGR-AtMCL
_eAACR2
245 1 _aΘΕΜΑΤΑ ΠΑΙΔΙΚΗΣ ΛΟΓΟΤΕΧΝΙΑΣ
250 _a1
260 _bΖυγός,
_c2008
300 _a312
700 1 _aΚαρακιτσιος Ανδρεας
_97705
942 _cBK
999 _c6842
_d6842